| 000 | 01526nam a2200241 a 4500 | ||
|---|---|---|---|
| 001 | 85247 | ||
| 003 | BD-RjUL | ||
| 005 | 20250721141909.0 | ||
| 008 | 250720s 2024bg a|||| m||| 00| 0 ben d | ||
| 035 | _a(BD-RjUL) 85247 | ||
| 040 |
_aBD-RjUL _bben /eng _cBD-RjUL _dBD-RjUL |
||
| 041 | _aben | ||
| 082 |
_a 491.447 _bKHD 2024 _223 |
||
| 100 |
_aখাতুন, মোসা. মনোয়ারা _9243869 |
||
| 245 | 1 | 0 |
_aচাঁপাইনবাবগঞ্জের উপভাষা = (Dialects of Chapainawabganj) / _cমোসা. মনোয়ারা খাতুন ; _6গবেষণা তত্ত্বাবধায়ক : পি. এম. সফিকুল ইসলাম ; গবেষণা -সহতত্ত্বাবধায়ক : গৌতম দত্ত |
| 260 |
_aরাজশাহী : _bবাংলা বিভাগ, রাজশাহী বিশ্ববিদ্যালয়, _c২০২৪ |
||
| 300 |
_a১৬৫ পাতা : _bচিএ ; _c২৯ সেমি. |
||
| 502 | _aথিসিস (পিএইচ, ডি.) -- বাংলা বিভাগ, রাজশাহী বিশ্ববিদ্যালয়, ২০২৪ | ||
| 504 | _aগ্রন্থপঞ্জি : পাতা ১৫১-১৫৪ | ||
| 650 |
_aBengali language _xDialects _zBangladesh _zChapainawabganj (Rajshahi) _916135 |
||
| 700 |
_aইসলাম, পি. এম. সফিকুল, গবেষণা তত্ত্বাবধায়ক _92156 |
||
| 942 |
_2ddc _cTHE |
||
| 999 |
_c85247 _d85247 |
||